| 000 | 00561nac a22001331u 4500 | ||
|---|---|---|---|
| 008 | 090317s2004 xxu||||| |||| 00| 0 ara d | ||
| 020 | _a9990109400 | ||
| 082 |
_a331.10956 _bن د و |
||
| 245 |
_aندوة تحديات التنمية البشرية في الوطن العربي : _b"الواقع والآفاق" / |
||
| 260 |
_aالمنامة : _bمركز البحرين للدراسات والبحوث ،2004 _c2004. |
||
| 300 |
_a117 ص ؛ _c24 سم. |
||
| 650 |
_aالقوى العاملة _921731 _zالعالم العربي |
||
| 942 |
_cBB _k331.10956 ن د و _2ddc |
||
| 999 |
_c5781 _d5781 |
||